000 00718nas a2200229 4500
001 BR0302693
003 BR-BrBNA
005 20231205103830.0
007 ta
008 230509b bl.|||p| |||| 00| 00por d
040 _aBR-BrBNA
_bpor
_cBiblioteca Nacional de Agricultura
041 _a(Pt)
072 _aE71
100 1 _aContini, E.
245 1 _aVelha europa, novos alimentos. Os europeus resolvem diversificar sua dieta, criando novas oportunidades de mercado
650 _aMERCADO INTERNACIONAL
650 _aDEMANDA
650 _aCONSUMO
773 0 _tAgroanalysis (Brazil)
_xISSN 0100-4298
_g(Apr 2003), v. 23(2) p. 41-41
_wBR0302693
909 _a202311
_bLúcia
_c55
_dLúcia Elande
942 _2AGRIS
_n0
_cANA
999 _c174963
_d174963